[Event "ESP-ch U10"]
[Site "Salobrena"]
[Date "2023.07.07"]
[Round "8"]
[White "Galiano Puertas, David"]
[Black "Mendoza Barcia, Mateo"]
[Result "0-1"]
[WhiteElo "1385"]
[BlackElo "1484"]
[PlyCount "76"]
[EventDate "2023.07.03"]
[EventType "swiss"]
[EventRounds "9"]
[EventCountry "ESP"]
[SourceTitle "EXT 2024"]
[Source "ChessBase"]
[SourceDate "2023.10.10"]
[SourceVersion "1"]
[SourceVersionDate "2023.10.10"]
[SourceQuality "1"]

1. d4 d5 2. Nf3 Nf6 3. e3 e6 4. Bd3 c5 5. b3 Be7 6. Bb2 0-0 7. Nbd2 b6 8. 0-0 Bb7 9. Ne5 Nbd7 10. f4 Qc7 11. Rc1 Rfd8 12. Qe2 Ne4 13. Nxe4 dxe4 14. Bc4 Nf6 15. f5 Bd5 16. fxe6 fxe6 17. g4 cxd4 18. exd4 Bd6 19. g5 Nd7 20. Nf7 Rf8 21. Nxd6 Qxd6 22. Bxd5 exd5 23. c4 Rae8 24. c5 bxc5 25. dxc5 Qc7 26. Qd2 Rxf1+ 27. Kxf1 Rf8+ 28. Kg1 Rf5 29. c6 Nf8 30. Bd4 Ne6 31. Be3 d4 32. Bxd4 Nxg5 33. Kh1 Nf3 34. Qb2 Rh5 35. Rc2 Qg3 36. Rg2 Qe1+ 37. Bg1 Rxh2+ 38. Rxh2 Qxg1# 0-1

[Event "ESP-ch U10"]
[Site "Salobrena"]
[Date "2023.07.04"]
[Round "3"]
[White "Lema Fernandez, Javier"]
[Black "Mendoza Barcia, Mateo"]
[Result "1-0"]
[WhiteElo "1305"]
[BlackElo "1484"]
[PlyCount "59"]
[EventDate "2023.07.03"]
[EventType "swiss"]
[EventRounds "9"]
[EventCountry "ESP"]
[SourceTitle "EXT 2024"]
[Source "ChessBase"]
[SourceDate "2023.10.10"]
[SourceVersion "1"]
[SourceVersionDate "2023.10.10"]
[SourceQuality "1"]

1. e4 e5 2. Nf3 Nc6 3. Bc4 Bc5 4. c3 Nf6 5. d3 0-0 6. Bg5 h6 7. Bh4 d6 8. h3 Be6 9. Bb3 Re8 10. 0-0 Kh7 11. Bc2 Bb6 12. d4 Bd7 13. Bxf6 gxf6 14. Na3 Rg8 15. Kh1 Qc8 16. Kh2 Rg6 17. Nc4 Qg8 18. Nh4 Rg5 19. Nxb6 axb6 20. f4 Rg3 21. fxe5 fxe5 22. Qh5 Rf8 23. Rf6 Qg7 24. Raf1 Nd8 25. Bb3 Be8 26. R6f2 Rg8 27. Bxf7 Rxh3+ 28. Kg1 Qg3 29. Bxg8+ Kg7 30. Nf5+ 1-0